000 00302nam a22001217a 4500
008 230619b xxu||||| |||| 00| 0 eng d
082 _a301.45
_bWES
100 _cRichard West
245 _aThe White Tribes of Africa
260 _aLondon
_bW& jmackay & Co. ltd
_c1965
300 _a188p
942 _2ddc
_cBK
999 _c1280
_d1280